000 00629nam a22002057a 4500
999 _c12069
_d12069
003 AR-CdUCM
008 190405b ||||| |||| 00| 0 spa d
040 _aMUNICIPALIDAD PROVINCIAL DEL CUSCO
_cBIBLIOTECA MUNICIPAL DEL CUSCO
082 _aC / 869.56 /
_bP44
100 _aPérez Ocampo, Gustavo
_960
245 _aDiez Poemas para mañana /
260 _aCusco :
_bTallr. La Nacional,
_c1944.
300 _bilustraciones,
_c20 cm.
505 _aContenido: Poesía.
650 _aPoemas Cusqueños
_917375
650 _aLiteratura Peruana
_9132
650 _aSiglo XX
_98
942 _2ddc
_cLIBROS
945 _aachl
_d2019-04-05